| 000 | 00434nam a2200169Ia 4500 | ||
|---|---|---|---|
| 001 | 14815 | ||
| 003 | IN-NITTTR | ||
| 005 | 20251114233139.0 | ||
| 008 | 251113s9999||||xx |||||||||||||| ||eng|| | ||
| 040 | _beng | ||
| 040 | _cIN-NITTTR | ||
| 041 | _aeng | ||
| 082 | _a510 T851M | ||
| 100 | _aTurner, J. C. | ||
| 245 | 0 |
_aModern Applied Mathematics : _b probability-statistics-operational research. / _cTurner, J. C. |
|
| 942 |
_2ddc _cBK |
||
| 999 |
_c17451 _d17451 |
||